Capitales d'Europe - Retrouver les pays - Statistiques

Statistiques générales
  • Ce quiz a été pris 170 fois
  • Le résultat moyen est 38 sur 45
Statistiques - réponses
Capitale Pays % Correct
Amsterdam Pays-Bas
100%
Berlin Allemagne
99%
Bruxelles Belgique
99%
Athènes Grèce
99%
Madrid Espagne
98%
Paris France
98%
Monaco Monaco
98%
Londres Royaume-Uni
98%
Luxembourg Luxembourg
97%
Lisbonne Portugal
97%
Andorre-la-Vieille Andorre
96%
Moscou Russie
96%
Kiev Ukraine
96%
Dublin Irlande
95%
Rome Italie
95%
Copenhague Danemark
93%
Oslo Norvège
93%
Berne Suisse
93%
Vienne Autriche
90%
Vatican Cité du Vatican
90%
Helsinki Finlande
90%
Budapest Hongrie
90%
Saint-Marin Saint-Marin
90%
Stockholm Suède
89%
Varsovie Pologne
87%
Bucarest Roumanie
87%
Prague République tchèque
86%
Reykjavik Islande
81%
La Valette Malte
81%
Zagreb Croatie
80%
Sofia Bulgarie
78%
Minsk Biélorussie
77%
Riga Lettonie
75%
Belgrade Serbie
75%
Ljubljana Slovénie
73%
Sarajevo Bosnie-Herzégovine
72%
Tallinn Estonie
72%
Bratislava Slovaquie
72%
Tirana Albanie
68%
Vilnius Lituanie
68%
Skopje Macédoine du Nord
65%
Chișinău Moldavie
63%
Podgorica Monténégro
62%
Vaduz Liechtenstein
61%
Pristina Kosovo
60%
Aucun quiz correspondant
Distribution des résultats
% des personnes avec chaque résultat
Percentile par nombre de réponses
Votre historique - résultats
Vous n’avez pas pris ce quiz